|
|
|
|
| LEADER |
00000nam a2200000Ia 4500 |
| 008 |
170621b1991 cl ||||| |||| 00| | spa d |
| 999 |
|
|
|c 1384
|d 1384
|
| 090 |
|
|
|a 06.01.01
|b 1340
|
| 100 |
1 |
|
|a López, Gabriela
|9 2967
|
| 245 |
1 |
3 |
|a La cultura escolar ¿responsable del fracaso?: estudio etnográfico en dos escuelas urbano-populares /
|c Gabriela López; Jenny Assaél; Elisa Neumann
|
| 250 |
|
|
|a 2 edición
|
| 260 |
|
|
|a Santiago, Chile :
|b PIIE,
|c 1991
|
| 300 |
|
|
|a 400 páginas
|
| 650 |
1 |
4 |
|a SOCIOLOGÍA DE LA EDUCACIÓN
|9 947
|
| 650 |
1 |
4 |
|a DESERCIÓN ESCOLAR
|9 1454
|
| 651 |
|
4 |
|a CHILE
|9 1078
|
| 700 |
1 |
|
|a Assaél, Jenny
|9 2968
|
| 700 |
1 |
|
|a Neumann, Elisa
|9 2969
|
| 942 |
|
|
|i 002460
|h 06.01.01 1340
|2 z
|c 01
|